[Event "CrazyShack: XLVIII Monthly Variant (CrazyShack)"]
[Site "SchemingMind.com"]
[Date "2014.03.02"]
[Round "-"]
[White "surfnsuds"]
[Black "Zipphood"]
[Result "0-1"]
[WhiteCountry "USA"]
[BlackCountry "SWE"]
[WhiteElo "1127"]
[WhiteRD "156"]
[BlackElo "1782"]
[BlackRD "156"]
[GameID "348813"]

1. e3 d5 2. d4 Nf6 3. Nc3 Bf5 4. Qf3 e6 5. Bd3 Bxd3 6. cxd3 Bd6 7. Nb5 B@g4 8. Nxd6+ Qxd6 9. Qg3 Qxg3 10. fxg3 Q@d1+
11. Kf2 N@e4+ 12. dxe4 Nxe4#
0-1

[Event "CrazyShack: XLVIII Monthly Variant (CrazyShack)"]
[Site "SchemingMind.com"]
[Date "2014.03.02"]
[Round "-"]
[White "Zipphood"]
[Black "surfnsuds"]
[Result "1-0"]
[WhiteCountry "SWE"]
[BlackCountry "USA"]
[WhiteElo "1782"]
[WhiteRD "156"]
[BlackElo "1127"]
[BlackRD "156"]
[GameID "348814"]

1. e4 e5 2. Nf3 Nc6 3. Bb5 Nd4 4. Nxd4 exd4 5. d3 Nf6 6. Bg5 c6 7. Bc4 Qa5+ 8. Bd2 Bb4 9. O-O Bxd2 10. Qxd2 Qxd2
11. Nxd2 b5 12. Bxf7+ Kxf7 13. N@e5+ Ke6 14. Q@f7+ Kd6 15. Qxg7 Bb7 16. Qxf6+ Kc7 17. B@d6+ Kb6 18. Nxd7+ Ka6 19. N@c5+ Ka5 20. Ncb3+ Ka6
21. Qxh8 Rxh8 22. R@a5#
1-0

[Event "CrazyShack: XLVIII Monthly Variant (CrazyShack)"]
[Site "SchemingMind.com"]
[Date "2014.03.07"]
[Round "-"]
[White "surfnsuds"]
[Black "startstek"]
[Result "0-1"]
[WhiteCountry "USA"]
[BlackCountry "ALG"]
[WhiteElo "1223"]
[WhiteRD "133"]
[BlackElo "1838"]
[BlackRD "141"]
[GameID "348829"]

1. d4 Nf6 2. c4 c5 3. dxc5 Qa5+ 4. Nc3 Qxc5 5. b3 Nc6 6. Be3 P@d4 7. Na4 Qa5+ 8. Bd2 Qc7 9. g3 e5 10. Bg5 Be7
11. Bxf6 Bxf6 12. Qd3 Nb4 13. Qe4 d5 14. cxd5 Nc2+ 15. Kd2 Nxa1 16. e3 R@c2+ 17. Qxc2 Qxc2+ 18. Ke1 Q@d1#
0-1

[Event "CrazyShack: XLVIII Monthly Variant (CrazyShack)"]
[Site "SchemingMind.com"]
[Date "2014.03.07"]
[Round "-"]
[White "startstek"]
[Black "surfnsuds"]
[Result "1-0"]
[WhiteCountry "ALG"]
[BlackCountry "USA"]
[WhiteElo "1889"]
[WhiteRD "202"]
[BlackElo "1208"]
[BlackRD "142"]
[GameID "348830"]

1. e4 e5 2. Nf3 d6 3. Bc4 h6 4. d4 exd4 5. Nxd4 Qe7 6. O-O Qxe4 7. Re1 Qxe1+ 8. Qxe1+ Ne7 9. Nc3 g6 10. Nd5 Nc6
11. Nxc6 bxc6 12. Nf6+ Kd8 13. Q@e8#
1-0

[Event "CrazyShack: XLVIII Monthly Variant (CrazyShack)"]
[Site "SchemingMind.com"]
[Date "2014.03.07"]
[Round "-"]
[White "startstek"]
[Black "Zipphood"]
[Result "0-1"]
[WhiteCountry "ALG"]
[BlackCountry "SWE"]
[WhiteElo "1838"]
[WhiteRD "141"]
[BlackElo "1947"]
[BlackRD "110"]
[GameID "348831"]

1. e4 e5 2. Nf3 Nc6 3. Bc4 Bc5 4. c3 d6 5. O-O Nf6 6. b4 Bb6 7. Qb3 O-O 8. a4 a5 9. b5 Ne7 10. d3 Ng6
11. Be3 Ng4 12. Bxb6 cxb6 13. Nbd2 Nf4 14. B@g3 Ne2+ 15. Kh1 Nxg3+ 16. hxg3 Qf6 17. N@g5 Qh6+ 18. Kg1 B@h2+ 19. Kh1 Bxg3+ 20. Nh3 Nxf2+
21. Rxf2 Bxh3 22. Bxf7+ Kh8 23. P@g5 Bxg2+ 24. Kxg2 N@f4+ 25. Kf1 Qh1+ 26. N@g1 B@h3+ 27. Ke1 Bxf2+ 28. Kd1 Bxg1 29. Kc2 N@e3+ 30. Kb2 Nxd3+
31. Ka2 Rxf7 32. Rxg1 Qxg1 33. Nxg1 Nc1+ 34. Kb2 Nxb3 35. B@c2 Q@a1+ 36. Kxb3 R@a3#
0-1

[Event "CrazyShack: XLVIII Monthly Variant (CrazyShack)"]
[Site "SchemingMind.com"]
[Date "2014.03.07"]
[Round "-"]
[White "Zipphood"]
[Black "startstek"]
[Result "1-0"]
[WhiteCountry "SWE"]
[BlackCountry "ALG"]
[WhiteElo "1947"]
[WhiteRD "110"]
[BlackElo "1838"]
[BlackRD "141"]
[GameID "348832"]

1. e4 c5 2. d4 cxd4 3. Qxd4 Nc6 4. Qd1 d6 5. h3 Nf6 6. Nc3 e6 7. Bb5 Bd7 8. P@g5 P@b4 9. gxf6 bxc3 10. fxg7 Bxg7
11. Qxd6 P@c7 12. Qg3 Be5 13. P@f4 cxb2 14. fxe5 bxc1=Q+ 15. Rxc1 N@h5 16. N@g7+ Nxg7 17. Qxg7 B@f6 18. exf6 Rf8 19. N@h6 a6 20. Qxf8+ Kxf8
21. R@g8#
1-0

[Event "CrazyShack: XLVIII Monthly Variant (CrazyShack)"]
[Site "SchemingMind.com"]
[Date "2014.03.04"]
[Round "-"]
[White "surfnsuds"]
[Black "Ingemar Assarsjö"]
[Result "0-1"]
[WhiteCountry "USA"]
[BlackCountry "SWE"]
[WhiteElo "1127"]
[WhiteRD "156"]
[BlackElo "1306"]
[BlackRD "156"]
[GameID "348872"]

1. e4 e5 2. Nf3 Nc6 3. c3 Nf6 4. Bd3 Bc5 5. b4 Bb6 6. Bb2 O-O 7. Ng5 h6 8. Nf3 d5 9. Qb3 dxe4 10. Bxe4 Nxe4
11. O-O P@g3 12. Qc2 gxh2+ 13. Nxh2 Nxf2 14. P@d4 Ng4 15. c4 Nxb4 16. Qe4 f5 17. Qf3 Bxd4+ 18. Bxd4 Qxd4+ 19. B@f2 Nxf2 20. P@e3 Qxa1
21. Qxf2 Qxa2 22. N@a3 P@c2 23. Rc1 cxb1=Q 24. Rxb1 Qxa3 25. Nf3 P@c2 26. Rxb4 c1=Q+ 27. N@e1 Qxb4 28. Nxe5 Qcxd2 29. Qf1 Qxe1 30. Nd3 Qxf1+
31. Kxf1 Qxc4 32. Ke2 R@c2+ 33. P@d2 N@c1+ 34. Kd1 Qxd3
0-1

[Event "CrazyShack: XLVIII Monthly Variant (CrazyShack)"]
[Site "SchemingMind.com"]
[Date "2014.03.03"]
[Round "-"]
[White "Ingemar Assarsjö"]
[Black "surfnsuds"]
[Result "1-0"]
[WhiteCountry "SWE"]
[BlackCountry "USA"]
[WhiteElo "1306"]
[WhiteRD "156"]
[BlackElo "1127"]
[BlackRD "156"]
[GameID "348873"]

1. e4 e5 2. Nf3 d6 3. d4 exd4 4. Nxd4 Nf6 5. Nc3 P@c5 6. Nf3 Nc6 7. Bg5 h6 8. Bh4 Bg4 9. Bb5 Bxf3 10. Qxf3 N@d4
11. Bxc6+ bxc6 12. Qd3 B@b5 13. Nxb5 cxb5 14. O-O-O Ng4 15. Bxd8 Rxd8 16. B@e3 B@e2 17. Qd2 Bxd1 18. Rxd1 R@e2 19. Qa5 Rxc2+ 20. Kb1 Nxe3
21. fxe3 P@e2 22. Rxd4 B@d2 23. Qxb5+ Rd7 24. Kxc2 e1=Q 25. R@b8+ Ke7 26. Rxd2 N@a1+ 27. Kd3 Qf1+ 28. N@e2 Qb1+ 29. Kc3 Ke6 30. B@h3+ f5
31. Bxf5+ Ke5 32. N@g4#
1-0

[Event "CrazyShack: XLVIII Monthly Variant (CrazyShack)"]
[Site "SchemingMind.com"]
[Date "2014.03.08"]
[Round "-"]
[White "startstek"]
[Black "Ingemar Assarsjö"]
[Result "1-0"]
[WhiteCountry "ALG"]
[BlackCountry "SWE"]
[WhiteElo "1838"]
[WhiteRD "141"]
[BlackElo "1395"]
[BlackRD "128"]
[GameID "348874"]

1. e4 e5 2. Nf3 Nf6 3. Nxe5 Qe7 4. Nf3 Nxe4 5. Be2 d5 6. d3 Nc5 7. O-O Bf5 8. Nc3 c6 9. Nd4 Bg6 10. Re1 Qh4
11. Bg4+ P@e6 12. P@g3 Qf6 13. Nf3 Nbd7 14. Bg5
1-0

[Event "CrazyShack: XLVIII Monthly Variant (CrazyShack)"]
[Site "SchemingMind.com"]
[Date "2014.03.08"]
[Round "-"]
[White "Ingemar Assarsjö"]
[Black "startstek"]
[Result "0-1"]
[WhiteCountry "SWE"]
[BlackCountry "ALG"]
[WhiteElo "1395"]
[WhiteRD "128"]
[BlackElo "1838"]
[BlackRD "141"]
[GameID "348875"]

1. e4 c5 2. Nf3 e6 3. d4 cxd4 4. Nxd4 Nf6 5. f3 Nc6 6. Bg5 Qb6 7. Nxc6 bxc6 8. N@c4 P@f2+ 9. Kd2 Qc7 10. Qe2 Bc5
11. Be3 Bxe3+ 12. Qxe3 O-O 13. Qxf2 d5 14. B@d6 Qb7 15. Bxf8 dxc4 16. Ba3 Bd7 17. Bxc4 N@g4 18. fxg4 Nxe4+ 19. Ke2 Nxf2 20. Kxf2 P@b4
21. Nd2 bxa3 22. bxa3 Qb6+ 23. P@e3 B@e5 24. Rab1 Q@f4+ 25. R@f3 Qbxe3+ 26. Kf1 Qfxf3+ 27. gxf3 R@f2+ 28. Kg1 Rxd2+ 29. P@f2 Qxf2#
0-1

[Event "CrazyShack: XLVIII Monthly Variant (CrazyShack)"]
[Site "SchemingMind.com"]
[Date "2014.03.03"]
[Round "-"]
[White "Ingemar Assarsjö"]
[Black "Zipphood"]
[Result "0-1"]
[WhiteCountry "SWE"]
[BlackCountry "SWE"]
[WhiteElo "1306"]
[WhiteRD "156"]
[BlackElo "1782"]
[BlackRD "156"]
[GameID "348876"]

1. e4 e5 2. Nf3 Nc6 3. Bc4 Bc5 4. b4 Bxb4 5. c3 Bc5 6. d4 exd4 7. cxd4 Bb4+ 8. P@c3 Be7 9. O-O d6 10. Re1 Nf6
11. Bg5 O-O 12. e5 dxe5 13. dxe5 Qxd1 14. Rxd1 Ng4 15. Bxe7 Nxe7 16. h3 Nxf2 17. Kxf2 Nf5 18. Q@g5 B@g3+ 19. Kg1 Q@f2+ 20. Kh1 Ne3
21. Rg1 P@b2 22. P@e7 Bxh3 23. exf8=Q+ Rxf8 24. N@h6+ Kh8 25. Nxf7+ Rxf7 26. Bxf7 Bxg2+ 27. Rxg2 Qxg2#
0-1

[Event "CrazyShack: XLVIII Monthly Variant (CrazyShack)"]
[Site "SchemingMind.com"]
[Date "2014.03.03"]
[Round "-"]
[White "Zipphood"]
[Black "Ingemar Assarsjö"]
[Result "1-0"]
[WhiteCountry "SWE"]
[BlackCountry "SWE"]
[WhiteElo "1782"]
[WhiteRD "156"]
[BlackElo "1306"]
[BlackRD "156"]
[GameID "348877"]

1. e4 e5 2. Nf3 Nc6 3. Bb5 a6 4. Bxc6 bxc6 5. Nxe5 Qe7 6. f4 f6 7. P@f7+ Kd8 8. fxg8=Q Rxg8 9. N@f5 Qc5 10. d4 Qb4+
11. c3 Qb5 12. Nf7+ Ke8 13. N@d6+ cxd6 14. N7xd6+ Bxd6 15. Nxd6+
1-0

[Event "CrazyShack: XLVIII Monthly Variant (CrazyShack)"]
[Site "SchemingMind.com"]
[Date "2014.03.08"]
[Round "-"]
[White "surfnsuds"]
[Black "Ilang"]
[Result "0-1"]
[WhiteCountry "USA"]
[BlackCountry "HUN"]
[WhiteElo "1127"]
[WhiteRD "156"]
[BlackElo "1707"]
[BlackRD "130"]
[GameID "349087"]

1. d4 d5 2. Nc3 Nc6 3. e4 dxe4 4. Nxe4 Qxd4 5. Qxd4 Nxd4 6. Q@a4+ Q@d7 7. Qxd7+ Bxd7 8. Bd3 Nf6 9. Be3 Nxe4 10. Bxe4 e5
11. Bxd4 exd4 12. O-O-O P@a3 13. N@c4 axb2+ 14. Nxb2 B@a3 15. N@c4 Bxb2+ 16. Nxb2 Ba3 17. Rxd4 Bxb2+ 18. Kxb2 N@a4+ 19. Kc1 P@b2+ 20. Kd2 b1=Q
21. Ne2 Qxh1 22. Rxa4 N@b1+ 23. Ke3 Q@d2+ 24. Kf3 R@h3+ 25. P@g3 N@e1#
0-1

[Event "CrazyShack: XLVIII Monthly Variant (CrazyShack)"]
[Site "SchemingMind.com"]
[Date "2014.03.07"]
[Round "-"]
[White "Ilang"]
[Black "surfnsuds"]
[Result "1-0"]
[WhiteCountry "HUN"]
[BlackCountry "USA"]
[WhiteElo "1707"]
[WhiteRD "130"]
[BlackElo "1127"]
[BlackRD "156"]
[GameID "349088"]

1. e4 e5 2. Nf3 Nf6 3. Nxe5 Nxe4 4. Nxf7 Kxf7 5. Qh5+ g6 6. Qd5+ P@e6 7. Qxe4 N@d6 8. Qf4+ Kg8 9. N@f6+ Kg7 10. P@h6+ Kf7
11. Nxd7+ Ke8 12. Nf6+ Ke7 13. P@e5 Nf5 14. Qg5 Kf7 15. Nxh7 Rxh7 16. Qxd8 Bxh6 17. Q@f6#
1-0

[Event "CrazyShack: XLVIII Monthly Variant (CrazyShack)"]
[Site "SchemingMind.com"]
[Date "2014.03.12"]
[Round "-"]
[White "startstek"]
[Black "Ilang"]
[Result "1-0"]
[WhiteCountry "ALG"]
[BlackCountry "HUN"]
[WhiteElo "1878"]
[WhiteRD "116"]
[BlackElo "1730"]
[BlackRD "112"]
[GameID "349089"]

1. e4 e5 2. Nf3 d6 3. Bc4 Qf6 4. Nc3 Nc6 5. Nd5 Qd8 6. c3 Be6 7. O-O Na5 8. d3 Nxc4 9. dxc4 h6 10. Be3 Nf6
11. Qd3 Ng4 12. Rad1 Nxe3 13. Nxe3 B@h5 14. N@e1 Qc8 15. N@g3 Bxf3 16. Nxf3 B@c5 17. b4 Bxe3 18. fxe3 N@d7 19. a4 Bg4 20. a5 h5
21. B@d5 N@h6 22. a6 c6 23. axb7 Qxb7 24. Bxc6 Qxc6 25. B@d5 Qc7 26. Bxa8 Bxf3 27. Rxf3 P@b7 28. B@d5 h4 29. Baxb7 hxg3 30. R@c8+ Qxc8
31. Bxc8 gxh2+ 32. Kh1 N@b6 33. Bxd7+ Nxd7 34. P@e6 fxe6 35. Bxe6 N@f6 36. Bxd7+ Nxd7 37. Qd5 B@f7 38. Q@a8+ B@b8 39. P@e6
1-0

[Event "CrazyShack: XLVIII Monthly Variant (CrazyShack)"]
[Site "SchemingMind.com"]
[Date "2014.03.12"]
[Round "-"]
[White "Ilang"]
[Black "startstek"]
[Result "0-1"]
[WhiteCountry "HUN"]
[BlackCountry "ALG"]
[WhiteElo "1730"]
[WhiteRD "112"]
[BlackElo "1878"]
[BlackRD "116"]
[GameID "349090"]

1. e4 c5 2. Nf3 e6 3. Nc3 Nc6 4. Bb5 Qc7 5. Ba4 a6 6. Bxc6 bxc6 7. d3 d6 8. Qe2 Nf6 9. Bg5 Be7 10. Na4 Rb8
11. e5 dxe5 12. Nxe5 P@d6 13. Nxf7 Kxf7 14. P@h6 gxh6 15. Bxh6 Rg8 16. P@g5 B@h5 17. Qd2 Nd5 18. N@g3 N@f4 19. Nxh5 Nxh5 20. B@f3 Nhf4
21. Bxd5 Nxd5 22. N@c3 N@f4 23. Nxd5 Nxd5 24. N@c3 N@f4 25. Nxd5 Nxd5 26. N@c3 Rg6 27. Nxd5 exd5 28. Qf4+ P@f5 29. O-O N@d4 30. Qxd4 cxd4
31. N@f4 Rxg5 32. Bxg5 Bxg5 33. P@e6+ Kg8 34. Nh5 B@f6 35. Nxf6+ Bxf6 36. R@g3+ P@g5 37. Rfe1 N@f4 38. e7 N@e2+
0-1

[Event "CrazyShack: XLVIII Monthly Variant (CrazyShack)"]
[Site "SchemingMind.com"]
[Date "2014.03.07"]
[Round "-"]
[White "Ilang"]
[Black "Ingemar Assarsjö"]
[Result "1-0"]
[WhiteCountry "HUN"]
[BlackCountry "SWE"]
[WhiteElo "1707"]
[WhiteRD "130"]
[BlackElo "1306"]
[BlackRD "156"]
[GameID "349091"]

1. e4 e5 2. Nf3 Nc6 3. d4 exd4 4. Nxd4 Nxd4 5. Qxd4 Qf6 6. Qc3 Qxc3+ 7. Nxc3 Bb4 8. Q@e5+ Ne7 9. Qxg7 Rg8 10. N@f6+ Kd8
11. Qxg8+ Nxg8 12. R@e8#
1-0

[Event "CrazyShack: XLVIII Monthly Variant (CrazyShack)"]
[Site "SchemingMind.com"]
[Date "2014.03.07"]
[Round "-"]
[White "Ingemar Assarsjö"]
[Black "Ilang"]
[Result "0-1"]
[WhiteCountry "SWE"]
[BlackCountry "HUN"]
[WhiteElo "1306"]
[WhiteRD "156"]
[BlackElo "1707"]
[BlackRD "130"]
[GameID "349092"]

1. e4 e5 2. Nf3 d6 3. d4 exd4 4. Nxd4 Nf6 5. Nc3 P@c5 6. Nf5 Nc6 7. Bb5 Bxf5 8. exf5 Qe7+ 9. P@e2 N@e4 10. Bd2 Qd7
11. Nxe4 Nxe4 12. N@e3 Nxf2 13. Kxf2 P@d4 14. g4 dxe3+ 15. Bxe3 N@e5 16. h3 h5 17. P@d5 hxg4 18. dxc6 bxc6 19. Bd3 Rxh3 20. N@f4 P@g3+
21. Kg1 Rxh1+ 22. Kxh1 Nxd3 23. Qxd3 P@g5 24. Ng2 B@d5 25. B@e4 Bxe4 26. Qxe4+ R@e7 27. Qxg4 Rxe3 28. N@h3 B@e4 29. P@f3 Bxf5 30. Qxg3 N@e4
31. Qxg5 Nxg5 32. Nxg5 Rxe2 33. Nf4 Q@h2#
0-1

[Event "CrazyShack: XLVIII Monthly Variant (CrazyShack)"]
[Site "SchemingMind.com"]
[Date "2014.03.09"]
[Round "-"]
[White "Ilang"]
[Black "Zipphood"]
[Result "0-1"]
[WhiteCountry "HUN"]
[BlackCountry "SWE"]
[WhiteElo "1707"]
[WhiteRD "130"]
[BlackElo "1782"]
[BlackRD "156"]
[GameID "349093"]

1. e4 e5 2. Nf3 Nc6 3. d4 exd4 4. Nxd4 Nxd4 5. Qxd4 N@b4 6. Qd2 d5 7. exd5 Qxd5 8. Qxd5 Nxd5 9. Q@e2+ Be6 10. Qb5+ Q@c6
11. Qxc6+ bxc6 12. P@c4 Nb4 13. Q@e2 O-O-O 14. P@d3 Nf6 15. a3 Na6 16. N@g5 Re8 17. Be3 Kb7 18. Nf3 Bg4 19. Nbd2 Bc5 20. O-O-O P@d4
21. Nb3 dxe3 22. Nxc5+ Nxc5 23. fxe3 Bxf3 24. gxf3 N@b3+ 25. cxb3 Nxb3+ 26. Kb1 Q@a1+ 27. Kc2 N@d4+ 28. Kc3 Nxe2+ 29. Bxe2 B@a5+ 30. P@b4 P@d4+
31. Kxb3 Q@a2+ 32. Ka4 Q1xb2 33. N@c5+ Kc8 34. B@h3+ Kd8 35. N@b7+ Ke7 36. N@f5+ Kf8 37. Ne6+ Rxe6 38. B@c5+ P@d6 39. Bxd6+ cxd6 40. P@e7+ Rxe7
41. Kxa5 Qbxa3+ 42. B@a4 Qxa4#
0-1

[Event "CrazyShack: XLVIII Monthly Variant (CrazyShack)"]
[Site "SchemingMind.com"]
[Date "2014.03.09"]
[Round "-"]
[White "Zipphood"]
[Black "Ilang"]
[Result "0-1"]
[WhiteCountry "SWE"]
[BlackCountry "HUN"]
[WhiteElo "1782"]
[WhiteRD "156"]
[BlackElo "1707"]
[BlackRD "130"]
[GameID "349094"]

1. e4 e5 2. Nf3 Nc6 3. Bc4 d6 4. d4 exd4 5. Nxd4 Qe7 6. O-O Nxd4 7. Qxd4 P@h3 8. gxh3 Bxh3 9. P@g2 Bxg2 10. Kxg2 N@h4+
11. Kg3 P@g2 12. Rg1 Nf6 13. Kxh4 Nxe4+ 14. P@g5 h6 15. Kg4 hxg5 16. Bxf7+ Kxf7 17. N@f5 B@h3+ 18. Kf3 Nd2+ 19. Bxd2 P@g4+ 20. Kg3 P@h4+
21. Nxh4 gxh4+ 22. Kf4 P@g5+ 23. Kf5 g6#
0-1

[Event "CrazyShack: XLVIII Monthly Variant (CrazyShack)"]
[Site "SchemingMind.com"]
[Date "2014.03.14"]
[Round "-"]
[White "surfnsuds"]
[Black "Adrian Grajczak"]
[Result "0-1"]
[WhiteCountry "USA"]
[BlackCountry "POL"]
[WhiteElo "1223"]
[WhiteRD "133"]
[BlackElo "1192"]
[BlackRD "149"]
[GameID "349199"]

1. d4 Nf6 2. f3 d5 3. Bg5 h6 4. Bxf6 exf6 5. Nc3 Bb4 6. Qd2 Qe7 7. a3 B@e3 8. Qd3 Bxc3+ 9. Qxc3 N@f2 10. N@g4 Nxh1
11. Qxe3 Qxe3 12. Nxe3 Q@f2+ 13. Kd2 Qxg1 14. B@f4 g5 15. Bxc7 Nc6 16. Q@d6 Qxe3+ 17. Ke1 R@f2 18. Qxf6 Rxf1+ 19. Kxf1 Qf2#
0-1

[Event "CrazyShack: XLVIII Monthly Variant (CrazyShack)"]
[Site "SchemingMind.com"]
[Date "2014.03.14"]
[Round "-"]
[White "Adrian Grajczak"]
[Black "surfnsuds"]
[Result "0-1"]
[WhiteCountry "POL"]
[BlackCountry "USA"]
[WhiteElo "1192"]
[WhiteRD "149"]
[BlackElo "1223"]
[BlackRD "133"]
[GameID "349200"]

1. e4 e5 2. Nf3 d6 3. Bc4 Nf6 4. d3 Bg4 5. O-O Bxf3 6. Qxf3 Nc6 7. c3 Be7 8. Be3 O-O 9. b4 b6 10. a4 Rb8
11. b5 d5 12. bxc6 dxc4 13. dxc4 N@g4 14. Nd2 B@h5
0-1

[Event "CrazyShack: XLVIII Monthly Variant (CrazyShack)"]
[Site "SchemingMind.com"]
[Date "2014.03.14"]
[Round "-"]
[White "startstek"]
[Black "Adrian Grajczak"]
[Result "1-0"]
[WhiteCountry "ALG"]
[BlackCountry "POL"]
[WhiteElo "1814"]
[WhiteRD "119"]
[BlackElo "1413"]
[BlackRD "128"]
[GameID "349201"]

1. e4 e5 2. Nf3 Nc6 3. Bc4 Be7 4. d4 exd4 5. Nxd4 d6 6. Nc3 Nf6 7. P@g5 Nxe4 8. Bxf7+ Kxf7 9. Nxe4 Nxd4 10. Qxd4 Be6
11. P@d5 Bf5 12. Ng3 Qd7 13. N@h5 P@f6 14. Nxf5 Qxf5 15. B@g4 Qxc2 16. Be6+ Kf8 17. N@d7+ Ke8 18. Nxg7+ Kd8 19. Bf5 B@a5+ 20. P@c3 P@d2+
21. Bxd2 Qxb2 22. O-O fxg5 23. Ne6+ Kxd7 24. Nc5+
1-0

[Event "CrazyShack: XLVIII Monthly Variant (CrazyShack)"]
[Site "SchemingMind.com"]
[Date "2014.03.14"]
[Round "-"]
[White "Adrian Grajczak"]
[Black "startstek"]
[Result "1-0"]
[WhiteCountry "POL"]
[BlackCountry "ALG"]
[WhiteElo "1413"]
[WhiteRD "128"]
[BlackElo "1814"]
[BlackRD "119"]
[GameID "349202"]

1. e4 c5 2. Nf3 Nc6 3. d4 cxd4 4. Nxd4 e6 5. Be3 a6 6. Bd3 Qc7 7. O-O Nf6 8. Nc3 Be7 9. f4 d6 10. P@d5 exd5
11. exd5 Nxd4 12. Bxd4 P@c5 13. Bxf6 Bxf6 14. Re1+ P@e7 15. Ne4 Bd4+ 16. P@f2 Bxb2 17. Rb1 B@c3 18. Nxc3 Bxc3 19. Re4 N@d2 20. B@b6 Qd7
21. N@c7+ Kf8 22. Nxa8 Nxe4 23. R@d8+ Qxd8 24. Bxd8 Nxf2 25. Nc7 R@e8 26. Qh5 Bd4 27. N@e6+ Bxe6 28. Nxe6+ Kg8 29. Qxf7+ Kxf7 30. Ng5+ Kf8
31. Q@f7#
1-0

[Event "CrazyShack: XLVIII Monthly Variant (CrazyShack)"]
[Site "SchemingMind.com"]
[Date "2014.03.14"]
[Round "-"]
[White "Ilang"]
[Black "Adrian Grajczak"]
[Result "1-0"]
[WhiteCountry "HUN"]
[BlackCountry "POL"]
[WhiteElo "1779"]
[WhiteRD "118"]
[BlackElo "1192"]
[BlackRD "149"]
[GameID "349203"]

1. e4 c5 2. Nf3 Nc6 3. Bb5 g6 4. Nc3 Bg7 5. Nd5 Nf6 6. Nxf6+ Bxf6 7. Bxc6 dxc6 8. e5 Bg7 9. d3 O-O 10. N@g5 Bg4
11. Nxh7 Bxf3 12. Qxf3 Kxh7 13. N@g5+ Kg8 14. P@h7+ Kh8 15. Nxf7+ Rxf7 16. Qxf7 B@a5+ 17. Kd1 N@d7 18. Qxg6 Nxe5 19. Qxg7+ Kxg7 20. R@g5+ Ng6
21. P@f5 P@d2 22. Rxg6+ Kh8 23. P@g7+ Kxh7 24. N@g5+ Kg8 25. B@f7#
1-0

[Event "CrazyShack: XLVIII Monthly Variant (CrazyShack)"]
[Site "SchemingMind.com"]
[Date "2014.03.14"]
[Round "-"]
[White "Adrian Grajczak"]
[Black "Ilang"]
[Result "0-1"]
[WhiteCountry "POL"]
[BlackCountry "HUN"]
[WhiteElo "1267"]
[WhiteRD "131"]
[BlackElo "1730"]
[BlackRD "112"]
[GameID "349204"]

1. e4 e5 2. Nf3 d6 3. Bc4 Qf6 4. Nc3 Nc6 5. Nd5 Qd8 6. b4 Be6 7. b5 Na5 8. d3 Nxc4 9. dxc4 Nf6 10. Bg5 Bxd5
11. cxd5 h6 12. Bxf6 Qxf6 13. O-O B@h5 14. B@e2 N@f4 15. N@g3 Nxe2+ 16. Qxe2 Bxf3 17. Qxf3 Qxf3 18. gxf3 B@d7 19. Nf5 Q@g6+ 20. Q@g3 Qxg3+
21. fxg3 Bxf5 22. exf5 Q@c5+ 23. B@f2 Qxd5 24. Q@g4 h5 25. Qe4 Qxe4 26. fxe4 B@b6 27. B@e3 Be7 28. Bxb6 axb6 29. Q@c4 P@c5 30. B@d5 N@g5
31. N@h4 N@h3+ 32. Kh1 Nxf2+ 33. Rxf2 B@c8 34. N@c6 bxc6 35. Bxc6+ B@d7 36. Bxa8 Nh3 37. Rd2 N@f2+ 38. Kg2 Bxh4 39. gxh4 N@f4+ 40. Kf1 Q@g1#
0-1

[Event "CrazyShack: XLVIII Monthly Variant (CrazyShack)"]
[Site "SchemingMind.com"]
[Date "2014.03.14"]
[Round "-"]
[White "Adrian Grajczak"]
[Black "Ingemar Assarsjö"]
[Result "0-1"]
[WhiteCountry "POL"]
[BlackCountry "SWE"]
[WhiteElo "1192"]
[WhiteRD "149"]
[BlackElo "1395"]
[BlackRD "128"]
[GameID "349206"]

1. e4 e5 2. Nf3 Nc6 3. Bb5 a6 4. Ba4 d6 5. c3 Nf6 6. Bc2 Bg4 7. O-O Be7 8. d4 exd4 9. cxd4 Bxf3 10. gxf3 O-O
11. P@g2 Re8 12. a3 Na5 13. Be3 Nc4 14. b3 Nxe3 15. fxe3 c5 16. e5 dxe5 17. dxe5 Nd5 18. Bxh7+ Kxh7 19. Qd3+ P@g6 20. Qe4 B@f5
21. Qc4 Nxe3 22. Qxf7 Nxf1
0-1

[Event "CrazyShack: XLVIII Monthly Variant (CrazyShack)"]
[Site "SchemingMind.com"]
[Date "2014.03.14"]
[Round "-"]
[White "Adrian Grajczak"]
[Black "Zipphood"]
[Result "0-1"]
[WhiteCountry "POL"]
[BlackCountry "SWE"]
[WhiteElo "1192"]
[WhiteRD "149"]
[BlackElo "1947"]
[BlackRD "110"]
[GameID "349207"]

1. e4 e5 2. Nf3 Nc6 3. Bb5 d6 4. O-O Nf6 5. Re1 Be7 6. d4 exd4 7. Nxd4 Bd7 8. Bxc6 bxc6 9. e5 dxe5 10. Rxe5 O-O
11. Bg5 h6 12. Bh4 Bd6 13. Re3 P@g5 14. Bg3 P@f4 15. Re1 fxg3 16. hxg3 Nd5 17. c4 Ne7 18. Qd3 B@g6 19. P@e4 c5 20. P@f5 cxd4
21. fxg6 N@c5 22. gxf7+ Rxf7 23. Qxd4 Ne6 24. Qc3 B@d4 25. Qc2 Rxf2
0-1

[Event "CrazyShack: XLVIII Monthly Variant (CrazyShack)"]
[Site "SchemingMind.com"]
[Date "2014.03.14"]
[Round "-"]
[White "Zipphood"]
[Black "Adrian Grajczak"]
[Result "1-0"]
[WhiteCountry "SWE"]
[BlackCountry "POL"]
[WhiteElo "1947"]
[WhiteRD "110"]
[BlackElo "1192"]
[BlackRD "149"]
[GameID "349208"]

1. e4 c5 2. Nf3 Nc6 3. d4 cxd4 4. Nxd4 Nf6 5. Nxc6 bxc6 6. e5 Nd5 7. c4 Nb6 8. P@c5 e6 9. N@d6+ Bxd6 10. exd6 Nxc4
11. Bxc4 O-O 12. Nc3 Qh4 13. Qd3 N@e5 14. Qg3 Qxg3 15. hxg3 Nxc4 16. Rxh7 Q@e5+ 17. B@e4 f5 18. Q@h8+ Kf7 19. N@g5+ Ke8 20. P@f7+ Kd8
21. Qxf8+ N@e8 22. Qxe8#
1-0

[Event "CrazyShack: XLVIII Monthly Variant (CrazyShack)"]
[Site "SchemingMind.com"]
[Date "2014.03.12"]
[Round "-"]
[White "surfnsuds"]
[Black "michel"]
[Result "0-1"]
[WhiteCountry "USA"]
[BlackCountry "CAN"]
[WhiteElo "1127"]
[WhiteRD "156"]
[BlackElo "1590"]
[BlackRD "171"]
[GameID "349332"]

1. d4 d5 2. e3 Nc6 3. b3 e5 4. Nc3 exd4 5. exd4 Bb4 6. Qf3 Nf6 7. Bg5 Nxd4 8. Qe3+ Qe7 9. Bxf6 Bxc3+ 10. Kd1 Qxe3
11. fxe3 N@b2+ 12. Kc1 Q@d1#
0-1

[Event "CrazyShack: XLVIII Monthly Variant (CrazyShack)"]
[Site "SchemingMind.com"]
[Date "2014.03.12"]
[Round "-"]
[White "michel"]
[Black "surfnsuds"]
[Result "1-0"]
[WhiteCountry "CAN"]
[BlackCountry "USA"]
[WhiteElo "1590"]
[WhiteRD "171"]
[BlackElo "1127"]
[BlackRD "156"]
[GameID "349333"]

1. e4 e5 2. Nf3 Nc6 3. Bc4 Nf6 4. Nc3 Bb4 5. d3 Bxc3+ 6. bxc3 O-O 7. Ng5 Qe7 8. h4 d6 9. Rb1 Bg4 10. f3 Be6
11. B@d5 Bxd5 12. Bxd5 h6 13. Rxb7 hxg5 14. hxg5 Nxd5 15. B@h7+ Kh8 16. exd5 g6 17. Bxg6+ Kg7 18. N@f5+ Kxg6 19. Nxe7+ Nxe7 20. Q@h7#
1-0

[Event "CrazyShack: XLVIII Monthly Variant (CrazyShack)"]
[Site "SchemingMind.com"]
[Date "2014.03.17"]
[Round "-"]
[White "startstek"]
[Black "michel"]
[Result "1-0"]
[WhiteCountry "ALG"]
[BlackCountry "CAN"]
[WhiteElo "1838"]
[WhiteRD "141"]
[BlackElo "1702"]
[BlackRD "117"]
[GameID "349334"]

1. e4 e5 2. Nf3 Nc6 3. Bc4 Bc5 4. O-O d6 5. h3 h6 6. c3 Nf6 7. d4 exd4 8. cxd4 Bb6 9. P@b5 Na5 10. Bd3 O-O
11. b4 P@g4 12. hxg4 Nxg4 13. bxa5 Bxa5 14. Bf4 Re8 15. Nbd2 Bxd2 16. Qxd2 P@g5 17. Bg3 Nf6 18. e5 Nh5 19. Bh2 g4 20. P@h7+ Kh8
21. N@g5 hxg5 22. Nxg5 Be6 23. P@f5 P@f6 24. fxe6 fxg5 25. exf7 Re7 26. Qxg5
1-0